A família Myrtaceae na Floresta Nacional de Ipanema, Iperó, São Paulo, Brasil (Registro n. 330579)
[ somente texto ]
| 000 -LÍDER | |
|---|---|
| fixed length control field | 03064nab a2200253 i 4500 |
| 003 - CÓDIGO MARC DA AGÊNCIA CATALOGADORA | |
| Campo de controle | BR-BrBNA |
| 005 - DATA E HORA DA ÚLTIMA ATUALIZAÇÃO | |
| Campo de controle | 20250321071503.0 |
| 008 - CAMPO DE TAMANHO FIXO | |
| fixed length control field | 250321b2016 bl.qr|pooa||| 00| 0 por | |
| 040 ## - FONTE DA CATALOGAÇÃO | |
| Agência catalogadora | BR-BrBNA |
| Idioma da catalogação | por |
| 072 ## - CATEGORIA AGRIS | |
| Código AGRIS | F70 |
| 100 ## - ENTRADA PRINCIPAL - NOME PESSOAL | |
| Nome pessoal | Silva, Alan Teixeira da |
| 100 ## - ENTRADA PRINCIPAL - NOME PESSOAL | |
| Nome pessoal | Mazine, Fiorella Fernanda |
| 245 ## - TÍTULO PRINCIPAL | |
| Título principal | A família Myrtaceae na Floresta Nacional de Ipanema, Iperó, São Paulo, Brasil |
| 500 ## - NOTA GERAL | |
| Nota geral | Publicação on-line; 22 ref.; 5 illus.; Summaries (En, Pt) |
| 942 ## - ADDED ENTRY ELEMENTS (KOHA) | |
| Koha item type | Analítica |
| 520 ## - NOTA DE RESUMO | |
| Nota de conteúdo | <br/><br/>Resumo<br/><br/>Com aproximadamente 1.000 espécies e 23 gêneros ocorrentes no Brasil, Myrtaceae é uma das famílias<br/>mais representativas em levantamentos florísticos, principalmente em áreas de Cerrado e Mata Atlântica. A<br/>Floresta Nacional de Ipanema é ocupada predominantemente por Mata Atlântica e pequenas áreas de Cerrado.<br/>O objetivo deste trabalho foi contribuir para o conhecimento da família Myrtaceae na Floresta Nacional de<br/>Ipanema. Para isso foram realizadas coletas no período de setembro de 2012 a março de 2013 e consultadas as<br/>coleções dos seguintes herbários: SORO, ESA, IAC, SP, SPSF, UEC. Todo material coletado foi depositado<br/>na coleção do SORO. Após análise dos dados foram identificadas 23 espécies de Myrtaceae distribuídas em<br/>6 gêneros: Eugenia (10 espécies), Myrcia (quatro espécies), Psidium (quatro espécies), Campomanesia<br/>(três espécies), Calyptranthes e Plinia (uma espécie cada gênero). Foram preparadas descrições, ilustrações<br/>e chaves analíticas de identificação das espécies.<br/><br/>Palavras-chave: Eugenia, Mata Atlântica, Myrcia, Myrteae, Taxonomia.<br/><br/><br/><br/><br/><br/>Abstract<br/><br/>With about 1.000 species and 23 genera occurring in Brazil, Myrtaceae is one of the most important families<br/>in floristic surveys, mainly in Cerrado and Atlantic Forest areas. The National Forest of Ipanema is occupied<br/>mostly by Atlantic Forest and small areas of Cerrado. The main objective of this work is to improve the<br/>knowledge of Myrtaceae in the National Forest of Ipanema. For this, field trips were made between September<br/>2012 and March 2013 and the collections of the following herbaria were analyzed: SORO, ESA, IAC, SP,<br/>SPSF, UEC. All the collected specimens were deposited in SORO collection. After data analysis 23 species<br/>of Myrtaceae and 6 genera were found: Eugenia (10 species), Myrcia (four species), Psidium (four species),<br/>Campomanesia (three species), Calyptranthes (one species) and Plinia (one species). Descriptions, illustrations<br/>and keys of identification of the species were prepared.<br/><br/>Key words: Eugenia, Atlantic Forest, Myrcia, Myrteae, Taxonomy. |
| 650 ## - ASSUNTO - THESAGRO | |
| Cabeçalho tópico ou nome geográfico | EUGENIA |
| 650 ## - ASSUNTO - THESAGRO | |
| Cabeçalho tópico ou nome geográfico | MATA ATLÂNTICA |
| 650 ## - ASSUNTO - THESAGRO | |
| Cabeçalho tópico ou nome geográfico | MYRTACEAE |
| 650 ## - ASSUNTO - THESAGRO | |
| Cabeçalho tópico ou nome geográfico | TAXONOMIA |
| 773 0# - ENTRADA ANALÍTICA | |
| Host Biblionumber | 709 |
| Registro do item | 349283 |
| Imprenta | Rio de Janeiro-RJ Jardim Botanico do Rio de Janeiro 1935 |
| Outro identificador | 2025-1802 |
| Título | Rodriguésia (Brazil) |
| ISSN | 0370-6583; 2175-7860 on-line |
| Colação | v. 67(1) p. 203-223; (2016) |
| Número de controle de registro | BR2025000283 |
| 856 ## - ACESSO E ENDEREÇO ELETRÔNICO | |
| Identificador uniforme de recurso - URI | https://www.scielo.br/j/rod/a/tpST7MNZSz9ghwZWSQ8LS3r/?format=pdf&lang=pt |
Nenhum exemplar disponível.

BINAGRI